000 00706nam a2200253Ia 4500
003 OSt
005 20220928121921.0
006 a|||||r|||| 00| 0
007 ta
008 220927b |||||||| |||| 00| 0 eng d
024 _a30292
037 _cTextual
040 _aSDCL
_cSDCL
_beng
041 _2eng
_aeng
082 _aB2812, P4
100 _aMiller Scott L
_9454848
245 0 _aProbability and random processes.
260 _aNew York
_b Academic Press
_c2004
300 _axiii,536p.
_ccm.
650 _aRandom Processes
_9454849
700 _a Childers Donald G
_9454850
942 _hB2812, P4
_cTEXL
_2CC
999 _c768568
_d768568